000 00806cam a22002054a 4500
005 20250605164209.0
008 250528s ||||||||||||||||||||||||d
035 _a20186
020 _a860917614
040 _aGR-AtMCL
_bgre
_dGR-AtMCL
_eAACR2
245 1 _aHistorical Capitalism
250 _a4th
260 _bVerso,
_c1989
300 _a110
520 _aA condensation of the central ideas of his monumental study of capitalism as an integrated, historical entity: The modern world system. The Commodification of Everything: Production of Capital, The Politics of Accumulation: Struggle for Benefits, Truth as Opiate: Rationality and Rationalization, Conclusion: On Progress and Transitions.
700 1 _aWallerstein Immanuel
_93116
942 _cBK
999 _c5323
_d5323